Parlamento y opinión pública en España / (Record no. 15770)

MARC details
000 -LEADER
campo de control de longitud fija 00973nam a2200277 i 4500
001 - NÚMERO DE CONTROL
campo de control 15770
003 - IDENTIFICADOR DE NÚMERO DE CONTROL
campo de control ES-MaACL
005 - FECHA Y HORA DE LA ÚLTIMA TRANSACCIÓN
campo de control 20251009165839.0
007 - CAMPO FIJO DE DESCRIPCIÓN FÍSICA--INFORMACIÓN GENERAL
campo de control de longitud fija t|
008 - DATOS DE LONGITUD FIJA--INFORMACIÓN GENERAL
campo de control de longitud fija 000505s1998 sp ||||0| spa j
020 ## - NÚMERO INTERNACIONAL ESTÁNDAR DEL LIBRO
Número Internacional Estándar del Libro 84-7476-261-8
040 ## - FUENTE DE CATALOGACIÓN
Centro catalogador/agencia de origen M-BN
Lengua de catalogación spa
Centro/agencia transcriptor M-BN
080 ## - NÚMERO DE LA CLASIFICACIÓN DECIMAL UNIVERSAL
Número de la Clasificación Decimal Universal 342.53(460):316.654
100 1# - ENTRADA PRINCIPAL--NOMBRE DE PERSONA
Nombre de persona Delgado Sotillos, Irene.
9 (RLIN) 43488
245 10 - MENCIÓN DEL TÍTULO
Título Parlamento y opinión pública en España /
Mención de responsabilidad, etc. Irene Delgado, Antonia Martínez, Pablo Oñate.
260 ## - PUBLICACIÓN, DISTRIBUCIÓN, ETC.
Lugar de publicación, distribución, etc. Madrid :
Nombre del editor, distribuidor, etc. Centro de Investigaciones Sociológicas,
Fecha de publicación, distribución, etc. [1998]
300 ## - DESCRIPCIÓN FÍSICA
Extensión 78 p ;
Dimensiones 30 cm.
490 1# - MENCIÓN DE SERIE
Mención de serie Opiniones y actitudes ;
Designación de volumen o secuencia 19
610 1# - PUNTO DE ACCESO ADICIONAL DE MATERIA--NOMBRE DE ENTIDAD CORPORATIVA
Nombre de entidad corporativa o nombre de jurisdicción como elemento de entrada España.
Unidad subordinada Cortes Generales-
Subdivisión general Opinión pública.
9 (RLIN) 3669
700 0# - ENTRADA AGREGADA--NOMBRE PERSONAL
Nombre de persona Martínez Rodríguez, Antonia
9 (RLIN) 77717
700 1# - ENTRADA AGREGADA--NOMBRE PERSONAL
Nombre de persona Oñate Rubalcaba, Pablo.
9 (RLIN) 87113
710 2# - ENTRADA AGREGADA--NOMBRE DE ENTIDAD CORPORATIVA
Nombre de entidad corporativa o nombre de jurisdicción como elemento de entrada Centro de Investigaciones Sociológicas (España)
9 (RLIN) 2708
830 0# - PUNTO DE ACCESO ADICIONAL DE SERIE-TÍTULO UNIFORME
Título uniforme Opiniones y actitudes ;
Designación de volumen o secuencia 19
9 (RLIN) 179773
852 ## - LOCALIZACIÓN
Ubicación ES-MaACL
Número de control de estantería L-22913
Sublocalización o colección R.126816
Holdings
Estatus retirado Estado de pérdida Estado de daño No para préstamo Biblioteca de origen Biblioteca actual Ubicación en estantería Fecha de adquisición Fuente de adquisición Total de préstamos Signatura topográfica completa Código de barras Visto por última vez Precio de reemplazo Tipo de ítem Koha
        Biblioteca del Ateneo de Madrid Biblioteca del Ateneo de Madrid Depósito 2 17/01/2008     L-22913 1016029 23/02/2023 23/02/2023 Libro impreso